UM Logo

A Systematic Review and Meta-Analysis of theb associations Between Percieved Teacher-Based Racial-Ethnic Discrimination and Student Well-Being and Academic Outcomes / (Record no. 24264)

MARC details
000 -LEADER
fixed length control field 01003nam a22002297a 4500
003 - CONTROL NUMBER IDENTIFIER
control field OSt
005 - DATE AND TIME OF LATEST TRANSACTION
control field 20260226171420.0
008 - FIXED-LENGTH DATA ELEMENTS--GENERAL INFORMATION
fixed length control field 260203b |||||||| |||| 00| 0 eng d
040 ## - CATALOGING SOURCE
Transcribing agency 0
100 ## - MAIN ENTRY--PERSONAL NAME
Personal name Civitillo, Sauro
Relator term author.
9 (RLIN) 69513
245 ## - TITLE STATEMENT
Title A Systematic Review and Meta-Analysis of theb associations Between Percieved Teacher-Based Racial-Ethnic Discrimination and Student Well-Being and Academic Outcomes /
Statement of responsibility, etc. Sauro Civitillo, Anna-Maria Mayer, and Philipp Jugert.
260 ## - PUBLICATION, DISTRIBUTION, ETC. (IMPRINT)
Place of publication, distribution, etc. Washington, DC ;
Name of publisher, distributor, etc. American Psychological Association ,
Date of publication, distribution, etc. July 2024
300 ## - PHYSICAL DESCRIPTION
Extent Volume 116, pages 791-741 :
Other physical details illustration ;
Dimensions 28 cm.
500 ## - GENERAL NOTE
General note Journal of Educational Psychology, vol. 116, no. 5, pages 719-741, May-August 2024.
650 #0 - SUBJECT ADDED ENTRY--TOPICAL TERM
Topical term or geographic name as entry element Academic Achievement.
9 (RLIN) 6604
650 #0 - SUBJECT ADDED ENTRY--TOPICAL TERM
Topical term or geographic name as entry element Ethnicity
9 (RLIN) 69859
650 #0 - SUBJECT ADDED ENTRY--TOPICAL TERM
Topical term or geographic name as entry element Social Discrimination
9 (RLIN) 69860
700 ## - ADDED ENTRY--PERSONAL NAME
Personal name Civitillo, Sauro
Relator term author.
9 (RLIN) 69513
700 ## - ADDED ENTRY--PERSONAL NAME
Personal name Mayer, Anna-Maria
Relator term author.
9 (RLIN) 69514
700 ## - ADDED ENTRY--PERSONAL NAME
Personal name Jugert, Philipp
Relator term author.
9 (RLIN) 69515
942 ## - ADDED ENTRY ELEMENTS (KOHA)
Source of classification or shelving scheme Dewey Decimal Classification
Koha item type Periodicals
Holdings
Withdrawn status Lost status Source of classification or shelving scheme Damaged status Not for loan Collection code Home library Current library Date acquired Total Checkouts Full call number Date last seen Price effective from Koha item type Public note
    Dewey Decimal Classification     Periodicals UM Digos College - LIC UM Digos College - LIC 02/03/2026   DPer 370.15 J826 May-August 2024 v. 116 n. 4-6 02/03/2026 02/03/2026 Periodicals Periodical Article